01399nam a2200277 a 450000100100000000500170001000800410002702000180006804000250008608200210011110000380013224501230017026000590029330000200035250000710037250400280044350502340047165000520070565100590075765100750081670000470089191000380093804900090097695201190098599900170110400003036420240408175713.0110511s2009 dr g 000 0 spa d z9789993442974 aDO-SdBNPbspacBNPHU a972.93697bM779v1 aMontesano, Ariosto,d1949-95700810aVivencias y ocurrencias veganas :bpersonajes y anécdotas /cAriosto Montesano ; prólogo Ramón González Hardy. aSanto Domingo :bEdiciones Ferilibro,fCorripioc2009. a74 p. ;c23 cm. aIncluye datos biográficos del autor en la solapa de la cubierta. aBibliografía : p. 71.0 gPrólogo /rRamón González Hardy --tIntroducción --tEl 3 en La Vega --tAnécdotas --tPersonajes --tBreves memorias --tNotas deportivas --tTest para saber si ud. es Vegano (vieja generación) --tObras consultadas. 4aCiudades y puebloszRepública Dominicana9784 0a Concepción de la Vega (Republica Dominicana )92180 4aLa Vega (República Dominicana{Rpara}xVida Social Y Costumbres982441 aGonzález Hardy, Ramón,epról.957009 aValidado. Control de calidad EMS. aBNPD 0010718PDaPDbPDcHDd2011-05-11iLF1l0o972.93697 M779vp30364-10r2020-06-25w2020-06-25yLFPDZNo se presta c29856d29856